LEADER 01726nam 2200253la 450 001 9910482946203321 005 20221102153205.0 035 $a(UK-CbPIL)2090330059 035 $a(CKB)5500000000095712 035 $a(EXLCZ)995500000000095712 100 $a20221102d1616 uy | 101 0 $ager 135 $aurcn||||a|bb| 200 10$aAusszug auss der uralten Messe Kunst Archimedis und deroselben newlich in Latein aussgangener Ergentzung, betreffend Rechnung der co?rperlichen Figuren, holen Gefessen und Weinfa?sser, sonderlich dess Oesterreichischen, so under allen anderen den artigisten Schick hat ..., sampt einem sehr nutzlichen Anhang von Vergleichung dess landtgebra?uchigen Gewichts, Elen, Klaffter, Schuch, Wein- und Traid Maass under einander, und mit andern aussla?ndischen, auch Alt Ro?mischen ..., gestelt durch Johann Kepplern 210 $aLinz $c[s.n.]$d1616 215 $aOnline resource (113 s. ill.) 300 $aReproduction of original in Det Kongelige Bibliotek / The Royal Library (Copenhagen). 700 $aKepler$b Johannes$f1571-1630.$048184 801 0$bUk-CbPIL 801 1$bUk-CbPIL 906 $aBOOK 912 $a9910482946203321 996 $aAusszug auss der uralten Messe Kunst Archimedis und deroselben newlich in Latein aussgangener Ergentzung, betreffend Rechnung der cörperlichen Figuren, holen Gefessen und Weinfässer, sonderlich dess Oesterreichischen, so under allen anderen den artigisten Schick hat ..., sampt einem sehr nutzlichen Anhang von Vergleichung dess landtgebräuchigen Gewichts, Elen, Klaffter, Schuch, Wein- und Traid Maass under einander, und mit andern aussländischen, auch Alt Römischen ..., gestelt durch Johann Kepplern$92270179 997 $aUNINA